Geography of Ohio Quiz - Statistics

General Stats
  • This quiz has been taken 393 times
  • The average score is 15 of 20
Answer Stats
Question Answer % Correct
What is the state capital of Ohio? Columbus
98%
Which of the Great Lakes does Ohio border? Lake Erie
98%
Which states share land border with Ohio? Michigan
97%
Which states share land border with Ohio? Indiana
96%
Which states share land border with Ohio? Pennsylvania
96%
What is the most populous Ohioan city on that lake? Cleveland
95%
Which states share land border with Ohio? Kentucky
94%
Which states share land border with Ohio? West Virginia
92%
What is the longest river that runs through Ohio? Ohio River
91%
What is the most populous city in Ohio that does NOT start with C? Toledo
86%
In what Ohioan city was the peace accords that ended the Bosnian War signed? Dayton
79%
What is the nickname of Ohio? The {Buckeye} State
73%
What is the most common ancestry group of the Ohioan population? German
72%
Akron has historically been the capital of what industry? Rubber
64%
What river, in northern Ohio, was caught on fire in 1969? Cuyahoga
58%
In what city is the University of Ohio located? Athens
47%
The name Ohio comes from what Native American language? Iroquois
42%
What is the second biggest city in the Greater Cincinnati area? Hamilton
32%
What Ohioan city's name is the ancient Greek word for hospitality? Xenia
26%
What dissected plateau covers the eastern part of Ohio? {Allegheny} Plateau
13%
No matching quizzes found
Score Distribution
Percent of People with Each Score
Percentile by Number Answered
Your Score History
You have not taken this quiz